Julien célèbres - Statistiques

Statistiques générales
  • Ce quiz a été pris 212 fois
  • Le résultat moyen est 6 sur 20
Statistiques - réponses
Par images Réponse % Correct
Julien Doré
96%
Julien Lepers
82%
Julien Clerc
79%
Julien Courbet
73%
Julien Tanti
57%
Julien Schwarzer
38%
Julien Cazarre
29%
Julien Arnaud
21%
Julien Fébreau
21%
Julien Odoul
21%
Julien Marchand
19%
Julien Arruti
18%
Julien Granel
17%
Julien Josselin
17%
Julien Benneteau
13%
Julien Denormandie
8%
Julien Gracq
5%
Julien Boisselier
3%
Julien Green
3%
Julien Duvivier
1%
Aucun quiz correspondant
Distribution des résultats
% des personnes avec chaque résultat
Percentile par nombre de réponses
Votre historique - résultats
Vous n’avez pas pris ce quiz